<?xml version="1.0" encoding="UTF-8"?>
<collection xmlns="http://www.loc.gov/MARC21/slim">
 <record>
  <leader>01177nam a2200205 a 4500</leader>
  <controlfield tag="001">TVCDKTCT12759</controlfield>
  <controlfield tag="003">Thư viện trường Cao đẳng Kỹ thuật Cao Thắng</controlfield>
  <controlfield tag="005">20110317000000</controlfield>
  <controlfield tag="008">110317</controlfield>
  <datafield tag="980" ind1="\" ind2="\">
   <subfield code="a">Thư viện Trường CĐ Kỹ Thuật Cao Thắng</subfield>
  </datafield>
  <datafield tag="024" ind1=" " ind2=" ">
   <subfield code="a">RG_1 #1 eb0 i1</subfield>
  </datafield>
  <datafield tag="020" ind1="#" ind2="#">
   <subfield code="a">0470241993</subfield>
  </datafield>
  <datafield tag="041" ind1="0" ind2="#">
   <subfield code="a">vie</subfield>
  </datafield>
  <datafield tag="082" ind1="#" ind2="#">
   <subfield code="a">005 / </subfield>
   <subfield code="b">W200B-b</subfield>
  </datafield>
  <datafield tag="100" ind1="1" ind2="#">
   <subfield code="a">Jones Braley L</subfield>
  </datafield>
  <datafield tag="245" ind1="0" ind2="0">
   <subfield code="a">Web 2.0 Heroes: Interviews with 20 Web 2.0 Influencers /</subfield>
   <subfield code="c">Jones Braley L</subfield>
  </datafield>
  <datafield tag="260" ind1="#" ind2="#">
   <subfield code="a">American :</subfield>
   <subfield code="b">Wiley ,</subfield>
   <subfield code="c">2008</subfield>
  </datafield>
  <datafield tag="300" ind1="#" ind2="#">
   <subfield code="a">273tr.</subfield>
  </datafield>
  <datafield tag="520" ind1="#" ind2="#">
   <subfield code="a">Web 2.0 may be an elusive concept, but one thing is certain: using the Web as merely a means of retrieving and displaying information is history. Today?s Web is immediate, interactive, innovative. It is user-controlled and community-driven. Organizations, marketers, application developers, and communicators must be ready to respond and to innovate or be left behind, and the experts featured on these pages are leading the charge. Their ideas are fresh, sometimes experimental, necessarily flexible, and always on the leading edge to prepare you for a Web where users rule.</subfield>
  </datafield>
  <datafield tag="650" ind1="#" ind2="4">
   <subfield code="a">Web 2.0 Heroes</subfield>
  </datafield>
 </record>
</collection>
